Viaggio in Grecia : alle radici della civiltà /

Guardat en:
Dades bibliogràfiques
Autor principal: Gerosa, Guido (autor)
Format: Llibre
Idioma:italià
Publicat: Novara, Italia : Istituto Geografico De Agostini, 1988, c1988
Etiquetes: Afegir etiqueta
Sense etiquetes, Sigues el primer a etiquetar aquest registre!

MARC

LEADER 00000nam^a2200000^a^4500
001 000579234
005 20250526000000.0
009 20260310132526.131
020 |a 88-402-0047-9 
037 |a Acervo Xavier Clavigero 
041 |a ITA 
091 |a FIP. 01433 
100 |a Gerosa, Guido  |e (autor) 
245 1 0 |a Viaggio in Grecia :  |b alle radici della civiltà / 
264 4 |a Novara, Italia :  |b Istituto Geografico De Agostini,  |c 1988, c1988 
300 |a 238 p. ;  |c 31.5 cm. 
336 |a texto  |b txt  |2 rdacontenido 
337 |a sin mediación  |b n  |2 rdamedio 
338 |a volumen  |b nc  |2 rdasoporte 
649 |a XX 
910 |a Fondo Manuel Ignacio Pérez Alonso S.J. 
920 |a Impresos - Libros 
930 |a Libros Antiguos y Raros 
905 |a 108 
901 |a 0500409066  |b IT2  |c LRA  |i D  |u 20250526 
902 |a https://opac.biblio.iteso.mx/vufind/Record/000579234